000 00212 a2200097 4500
001 43436
100 _aPeacock
245 _aEnglish Verse
260 _aLondon
_bOxford University Press
_c
090 _c27260
_d27260
942 _aNUST-CAE
_cM
_c19181
999 _c278509
_d278509